Religious pilgrimage routes and trails : sustainable development and management /

Bibliographic Details
Other Authors: Olsen, Daniel H., 1973- (Editor), Trono, Anna, (Editor)
Format: eBook
Language:English
Published: Wallingford, Oxfordshire, UK ; Boston, MA : CABI, [2018]
Series:CABI religious tourism and pilgrimage series.
Subjects:
Online Access:Click to View
LEADER 01881nam a2200433 i 4500
001 EBC5897942
003 MiAaPQ
005 20191025122411.0
006 m o d |
007 cr cnu||||||||
008 191025s2018 enk o 000 0 eng d
020 |z 9781786390271 
020 |a 9781786390295 (e-book) 
035 |a (MiAaPQ)EBC5897942 
035 |a (Au-PeEL)EBL5897942 
035 |a (OCoLC)1019833536 
040 |a MiAaPQ  |b eng  |e rda  |e pn  |c MiAaPQ  |d MiAaPQ 
050 4 |a G156.5.R44  |b .R455 2018 
082 0 |a 203.51  |2 23 
245 0 0 |a Religious pilgrimage routes and trails :  |b sustainable development and management /  |c edited by Daniel H. Olsen and Anna Trono. 
264 1 |a Wallingford, Oxfordshire, UK ;  |a Boston, MA :  |b CABI,  |c [2018] 
264 4 |c 2018 
300 |a 1 online resource (377 pages). 
336 |a text  |b txt  |2 rdacontent 
337 |a computer  |b c  |2 rdamedia 
338 |a online resource  |b cr  |2 rdacarrier 
490 1 |a CABI Religious Tourism and Pilgrimage Series 
588 |a Description based on print version record. 
590 |a Electronic reproduction. Ann Arbor, MI : ProQuest, 2018. Available via World Wide Web. Access may be limited to ProQuest affiliated libraries. 
650 0 |a Tourism  |x Religious aspects. 
650 0 |a Pilgrims and pilgrimages. 
650 0 |a Sustainable tourism. 
655 4 |a Electronic books. 
700 1 |a Olsen, Daniel H.,  |d 1973-  |e editor. 
700 1 |a Trono, Anna,  |e editor. 
776 0 8 |i Print version:  |t Religious pilgrimage routes and trails : sustainable development and management.  |d Wallingford, Oxfordshire, UK ; Boston, MA : CABI, c2018   |h 377 pages   |k CABI religious tourism and pilgrimage series.  |z 9781786390271 
797 2 |a ProQuest (Firm) 
830 0 |a CABI religious tourism and pilgrimage series. 
856 4 0 |u https://ebookcentral.proquest.com/lib/matrademy/detail.action?docID=5897942  |z Click to View